Teoretický koncept aktívnej politiky trhu práce z pohľadu ekonomickej sociológie

Vymedzenie aktívnej politiky trhu práce z pohľadu ekonomickej sociológie a jej analýz na základe troch teórií trhu práce (ortodoxnej, duálnej a segmentačnej). Možné spôsoby riešenia problémov nezamestnanosti.

Salvato in:
Dettagli Bibliografici
Autore principale: Brutovská, Gizela
Altri autori: Bucher, Slavomír
Natura: Capitolo di libro
Lingua:slovacco
Soggetti:
Tags: Aggiungi Tag
Nessun Tag, puoi essere il primo ad aggiungerne!!

MARC

LEADER 00000naa a2200000 4500
001 0221629
005 20221019163639.5
041 0 |a slo 
044 |a SK 
245 1 0 |a Teoretický koncept aktívnej politiky trhu práce z pohľadu ekonomickej sociológie  |c Gizela Brutovská, Slavomír Bucher 
520 |a Vymedzenie aktívnej politiky trhu práce z pohľadu ekonomickej sociológie a jej analýz na základe troch teórií trhu práce (ortodoxnej, duálnej a segmentačnej). Možné spôsoby riešenia problémov nezamestnanosti. 
610 2 0 |a teórie sociologické 
610 2 0 |a sociológia práce 
610 2 0 |a výskum sociologický 
610 2 0 |a nezamestnanosť 
610 2 0 |a trh práce 
610 2 0 |a politika zamestnanosti 
100 1 |a Brutovská, Gizela 
700 1 |a Bucher, Slavomír